| 000 | 00956cam a22002774a 4500 | ||
|---|---|---|---|
| 999 |
_c464 _d464 |
||
| 001 | 14984683 | ||
| 003 | OSt | ||
| 005 | 20210614105217.0 | ||
| 008 | 070828s2009 caua b 001 0 eng | ||
| 010 | _a 2007936259 | ||
| 020 | _a0495096555 (9780495096559 : alk. paper) | ||
| 040 |
_aDLC _cDLC _dDLC |
||
| 050 | 0 | 0 |
_aHA29 _b.H39 2009 |
| 100 | 1 |
_aHealey, Joseph F., _d1945- |
|
| 245 | 1 | 0 |
_aStatistics : _ba tool for social research / _cJoseph F. Healey. |
| 250 | _a8th ed. | ||
| 260 |
_aBelmont, CA : _bThomson / Wadsworth, _cc2009. |
||
| 300 |
_axxx, 512 p. : _bill. ; _c24 cm. |
||
| 504 | _aIncludes bibliographical references and index. | ||
| 650 | 0 |
_aSocial sciences _xStatistical methods. |
|
| 650 | 0 | _aStatistics. | |
| 856 | 4 | 1 |
_3Table of contents only _uhttp://www.loc.gov/catdir/toc/fy0803/2007936259.html |
| 906 |
_a7 _bcbc _corignew _d3 _eepcn _f20 _gy-gencatlg |
||
| 942 |
_2lcc _cBK _nSO |
||